A parallel coordinates technique in text visualisation /
Saved in:
| Main Author: | |
|---|---|
| Format: | Thesis Book |
| Language: | English |
| Published: |
2012.
|
| Subjects: | |
| Tags: |
Add Tag
No Tags, Be the first to tag this record!
|
| LEADER | 00949cam a2200241 a 4500 | ||
|---|---|---|---|
| 001 | u855256 | ||
| 003 | SIRSI | ||
| 005 | 201204191600 | ||
| 008 | 120419s2012 my a t 000 0 eng m | ||
| 040 | |a UMM | ||
| 090 | |a QA76.758 |b UM 2012 Ala | ||
| 100 | 1 | |a Alasad, Abed Almoniem Mamdouh Asad. | |
| 245 | 1 | 2 | |a A parallel coordinates technique in text visualisation / |c Abed Almoniem Mamdouh Asad Alasad. |
| 260 | |c 2012. | ||
| 300 | |a xiii, 113 leaves : |b ill. ; |c 30 cm. | ||
| 502 | |a Dissertation (M.Softw.Eng.) -- Jabatan Kejuruteraan Perisian, Fakulti Sains Komputer dan Teknologi Maklumat, Universiti Malaya, 2012. | ||
| 504 | |a Bibliography: leaves 103-113. | ||
| 650 | 0 | |a Information visualization. | |
| 650 | 0 | |a Visualization |x Technique. | |
| 710 | 2 | |a Universiti Malaya. |b Jabatan Kejuruteraan Perisian. | |
| 900 | |a AT-ZA | ||
| 596 | |a 1 | ||
| 999 | |a QA76.758 UM 2012 ALA |w LC |c 1 |i A514967367 |d 27/2/2013 |f 27/2/2013 |g 1 |l STACKS |m P01UTAMA |r Y |s Y |t TESIS |u 25/2/2013 | ||
